000 00302nam a22001337a 4500
008 171030b xxu||||| |||| 00| 0 eng d
020 _a9781572486652
041 _aeng
080 _a33
100 _a58
101 _aBUS
245 _aBANKRUPTCY FOR SMALL BUSINESS
_cSCHOLLANDER, W
942 _2udc
_cBK
999 _c36524
_d36524